000 00402 a2200145 4500
001 171180
020 _a
040 _cMagnum
100 _aCuberes, Maria Teresa Gonzalez (Org.)
240 1 0 _aEntre as fraldas e as letras: contribuicoes a educacao infantil
_lpor
245 1 0 _aEntre as fraldas e as letras: contribuicoes a educacao infantil
362 0 _a1899
697 _aPEDAGOGIA
942 _cBK
999 _c171180
_d171180